Guia d'adaptació a la Llei d'accés electrònic del ciutadà als serveis públics
Descripción Física:
56 pàgines : il·lustracions ; 30 cm
Materias:
Espanya. -- Ley 11/2007, de 22 de junio, de acceso electrónico de los ciudadanos a los Servicios Públicos
; Administració electrònica -- Dret i legislació -- Espanya
; Manuals, vademècums, etc.
Idioma:
Catalán
MARC
| LEADER | 00000nam a2200000 a 4500 | ||
|---|---|---|---|
| 001 | 26807 | ||
| 008 | 220909s2008 spa||||| |||| 00| 0 cat d | ||
| 017 | |a DL M-54076-2008 | ||
| 080 | |a Bib-957 | ||
| 245 | 0 | |a Guia d'adaptació a la Llei d'accés electrònic del ciutadà als serveis públics | |
| 260 | |a [Madrid] |b LOCALRET, Administració Oberta de Catalunya, |c desembre de 2008 | ||
| 300 | |a 56 pàgines : |b il·lustracions ; |c 30 cm | ||
| 490 | |a Guies per al desenvolupament de la societat del coneixement | ||
| 500 | |a Títol a la coberta: Adaptació a a la Llei d'accés electrònic del ciutadà als serveis públics | ||
| 610 | 1 | 0 | |9 54430 |a Espanya. |t Ley 11/2007, de 22 de junio, de acceso electrónico de los ciudadanos a los Servicios Públicos |
| 650 | 0 | |9 11172 |a Administració electrònica |x Dret i legislació |z Espanya | |
| 655 | 0 | |9 52956 |a Manuals, vademècums, etc. | |
| 710 | 2 | |9 52362 |a Consorci Administració Oberta de Catalunya |e entitat editora | |
| 942 | |2 udc |n 1 | ||
| 952 | |0 0 |1 0 |4 0 |6 BIB957 |7 1 |9 63892 |a Arxiu |b Arxiu |d 2022-09-09 |l 0 |o Bib-957 |p 26807 |r 2022-09-09 00:00:00 |w 2022-09-09 |y ARXIU | ||
| 999 | |c 82662 |d 82662 | ||